Code du droit maritime international (Record no. 167897)

MARC details
000 -LEADER
campo de control de longitud fija 00862nam a2200217 i 4500
001 - NÚMERO DE CONTROL
campo de control 167897
003 - IDENTIFICADOR DE NÚMERO DE CONTROL
campo de control ES-MaACL
005 - FECHA Y HORA DE LA ÚLTIMA TRANSACCIÓN
campo de control 20250809031218.0
008 - DATOS DE LONGITUD FIJA--INFORMACIÓN GENERAL
campo de control de longitud fija 990104s1858 fr |||| | fre d
040 ## - FUENTE DE CATALOGACIÓN
Centro catalogador/agencia de origen CCPB | B
Lengua de catalogación spa
Centro/agencia transcriptor CCPB | B
100 1# - ENTRADA PRINCIPAL--NOMBRE DE PERSONA
Nombre de persona Weiss, Siegfried.
9 (RLIN) 133897
245 10 - MENCIÓN DEL TÍTULO
Título Code du droit maritime international
Resto del título : tel qu'il existe chez les nations en temps de paix et en temps de guerre depuis les temps les plus reculés jusqu'á nos jours sélon l'École Historique /
Mención de responsabilidad, etc. par Siegfried Weiss.
260 ## - PUBLICACIÓN, DISTRIBUCIÓN, ETC.
Lugar de publicación, distribución, etc. Paris :
Nombre del editor, distribuidor, etc. Amyot,
Fecha de publicación, distribución, etc. 1858.
300 ## - DESCRIPCIÓN FÍSICA
Extensión 2 v. ;
Dimensiones 21 cm.
500 ## - NOTA GENERAL
Nota general Ouvrage couronné par la Faculté de Droit de Fribourg (en Brisgau)
597 ## - NOTA DE DESCRIPCIÓN FÍSICA
NOTA DE DESCRIPCIÓN FÍSICA Antep.
650 #7 - PUNTO DE ACCESO ADICIONAL DE MATERIA--TÉRMINO DE MATERIA
Término de materia o nombre geográfico como elemento de entrada Derecho marítimo internacional
Fuente del encabezamiento o término embne
9 (RLIN) 11734
650 #4 - PUNTO DE ACCESO ADICIONAL DE MATERIA--TÉRMINO DE MATERIA
Término de materia o nombre geográfico como elemento de entrada Codificación.
9 (RLIN) 135785
852 ## - LOCALIZACIÓN
Ubicación ES-MaACL
Número de control de estantería C-2650-51
Nota libre -- Enc. hol.
Holdings
Estatus retirado Estado de pérdida Estado de daño No para préstamo Colección Biblioteca de origen Biblioteca actual Ubicación en estantería Fecha de adquisición Total de préstamos Signatura topográfica completa Código de barras Visto por última vez Precio de reemplazo Tipo de ítem Koha
        Libros del s. XIX Biblioteca del Ateneo de Madrid Biblioteca del Ateneo de Madrid Sala Palomar 17/01/2008   C-2650-51 1176144 23/02/2023 23/02/2023 Libro impreso antiguo